[Event "It (open)"]
[Site "masterchessopen.com – Budapest (Hungary)"]
[Round "0"]
[White "Kosten Anthony C (FRA)"]
[Black "Reeh Oliver (GER)"]
[Result "1-0"]
[WhiteElo "2510"]
[BlackElo "2453"]

1.e4 c5 2.Nf3 d6 3.d4 cxd4 4.Nxd4 Nf6 5.Nc3 Nc6 6.Bg5 e6 7.Qd2 Be7 8.O-O-O O-O
9.f4 h6 10.Bh4 e5 11.Nf5 Bxf5 12.exf5 exf4 13.Kb1 d5 14.Bxf6 Bxf6 15.Nxd5 Be5
16.Bc4 b5 17.Bb3 a5 18.a3 b4 19.a4 Nd4 20.Rhe1 Nxb3 21.cxb3 f6 22.Qf2 Ra6
23.Nxf4 Rd6 24.Rxd6 Qxd6 25.Ne6 Rf7 26.Qc2 Rd7 27.Qc8+ Kf7 28.Ka2 Qe7 29.Re2
Qe8 30.Qc4 Kg8 31.Nc5+ Rf7 32.Rd2 Kh7 33.Ne6 Re7 34.Qg4 h5 35.Qd1 Bc7 36.Rd3
g5 37.fxg6+ Kxg6 38.Qc2 {#r} 1-0

[Event "It (open)"]
[Site "masterchessopen.com – St. Ingbert (Germany)"]
[Round "9"]
[White "Mischke Luis (GER)"]
[Black "Sarosi Zoltan (HUN)"]
[Result "0-1"]
[WhiteElo "2121"]
[BlackElo "2297"]

1.e4 c5 2.Nf3 Nc6 3.d4 cxd4 4.Nxd4 Nf6 5.Nc3 d6 6.Bg5 e6 7.Qd2 Be7 8.O-O-O O-O
9.f4 h6 10.Bxf6 Bxf6 11.Ndb5 Qa5 12.Nxd6 Rd8 13.Kb1 e5 14.Qd5 Qxd5 15.exd5
Rxd6 16.dxc6 Rxd1+ 17.Nxd1 exf4 18.Bb5 a6 19.Ba4 b5 20.Bb3 Be6 21.Bxe6 fxe6
22.Re1 Kf7 23.c4 b4 24.Kc2 Rc8 25.Kb3 a5 26.Ka4 Rxc6 27.Kb5 Rc8 28.c5 Bd4
29.c6 e5 30.Re2 Ke6 31.Nf2 Kd5 32.Kxa5 Rxc6 33.Kxb4 Rb6+ 34.Ka3 Bc5+ 35.Ka4
Rb4+ 36.Ka5 e4 37.a3 Rd4 38.b4 Bd6 39.Re1 e3 40.Nd1 Rd3 41.Ka4 Be5 {#R} 0-1

[Event "?"]
[Site "masterchessopen.com – Val Maubuee (France)"]
[Round "0"]
[White "Sellos Didier (FRA)"]
[Black "Kosten Anthony C (FRA)"]
[Result "1-0"]
[WhiteElo "2388"]
[BlackElo "2510"]

1.e4 c5 2.Nf3 Nc6 3.d4 cxd4 4.Nxd4 Nf6 5.Nc3 d6 6.Bg5 e6 7.Qd2 Be7 8.O-O-O O-O
9.f4 h6 10.Bh4 e5 11.Nf5 Bxf5 12.exf5 exf4 13.Kb1 d5 14.Bxf6 Bxf6 15.Nxd5 Be5
16.Bc4 b5 17.Bb3 a5 18.a3 Nd4 19.Rhe1 Nxb3 20.cxb3 Qd6 21.Qe2 Rfe8 22.Qxb5
Rab8 23.Qa4 Qc5 24.Nxf4 Rec8 25.Re2 Bd6 26.g4 Qb6 27.Nd5 Qa6 28.Red2 Kh8 29.h4
Qb7 30.Ka2 Rc5 31.g5 Rb5 32.Rd3 Bf8 33.gxh6 gxh6 34.f6 h5 35.Qc4 Bh6 36.a4 Rb6
37.Nxb6 Qxb6 38.Qxf7 {#r} 1-0

[Event "It (open) \"]
[Site "masterchessopen.com – Athens (Greece)"]
[Round "0"]
[White "Pandavos Panayotis (GRE)"]
[Black "Begnis Nikolaos (GRE)"]
[Result "0-1"]
[WhiteElo "2247"]
[BlackElo "2300"]

1.e4 c5 2.Nf3 Nc6 3.d4 cxd4 4.Nxd4 Nf6 5.Nc3 d6 6.Bg5 e6 7.Qd2 Be7 8.O-O-O O-O
9.f4 h6 10.Bxf6 Bxf6 11.Nb3 e5 12.g3 Bg4 13.Be2 Bxe2 14.Nxe2 a5 15.a4 Re8
16.Qxd6 Nd4 17.Rxd4 exd4 18.Qxd8 Bxd8 19.e5 f6 20.e6 Rxe6 21.Nexd4 Re8 22.f5
Re5 23.g4 Bb6 24.Ne6 h5 25.h3 hxg4 26.hxg4 Re4 27.g5 fxg5 28.Rd1 g4 29.Nbc5
Bxc5 30.Nxc5 Re5 31.Nxb7 Rxf5 32.Nd6 Rf4 33.c4 Raf8 34.c5 g3 {#R} 0-1

[Event "It (open) \"]
[Site "masterchessopen.com – Budapest (Hungary)"]
[Round "0"]
[White "Malisauskas Vidmantas (LTU)"]
[Black "Feher Gyula (HUN)"]
[Result "1-0"]
[WhiteElo "2500"]
[BlackElo "2410"]

1.e4 c5 2.Nf3 d6 3.d4 cxd4 4.Nxd4 Nf6 5.Nc3 Nc6 6.Bg5 e6 7.Qd2 Be7 8.O-O-O O-O
9.f4 h6 10.Bh4 e5 11.Nf5 Bxf5 12.exf5 exf4 13.Kb1 d5 14.Qxf4 d4 15.Bxf6 Bxf6
16.Ne4 Be5 17.Qg4 Rc8 18.Bc4 Na5 19.Bd3 Nc4 20.f6 Bxf6 21.Qf5 Re8 22.Nxf6+
Qxf6 23.Qh7+ Kf8 24.Bxc4 {#r} 1-0

[Event "?"]
[Site "masterchessopen.com – Chanac (France)"]
[Round "0"]
[White "Negre Albert (FRA)"]
[Black "Miralles Gilles (FRA)"]
[Result "0-1"]
[WhiteElo "2103"]
[BlackElo "2400"]

1.e4 c5 2.Nf3 d6 3.d4 cxd4 4.Nxd4 Nf6 5.Nc3 Nc6 6.Bg5 e6 7.Qd2 Be7 8.O-O-O O-O
9.f4 h6 10.Bh4 Bd7 11.Nf3 Qa5 12.Kb1 Rfd8 13.g4 Be8 14.g5 hxg5 15.Bxg5 d5
16.exd5 Nxd5 17.Nxd5 Rxd5 18.Bd3 Qxd2 19.Rxd2 f6 20.Bh4 Bh5 21.Rf2 Rad8 22.a3
Bc5 23.Rff1 Rxd3 24.cxd3 Rxd3 25.Ng1 Bg6 26.Ka1 Be4 27.Ne2 Rd2 28.Nc3 Bxh1
29.Rxh1 Bd4 30.Nd1 Na5 31.Nc3 Nc4 32.Nb5 Bxb2+ {#R} 0-1

[Event "It (active)"]
[Site "masterchessopen.com – San Mateo (Puerto Rico)"]
[Round "0"]
[White "Kudrin Sergey (USA)"]
[Black "Tomkins Ken (USA)"]
[Result "0-1"]
[WhiteElo "2570"]
[BlackElo "2345"]

1.e4 c5 2.Nf3 Nc6 3.d4 cxd4 4.Nxd4 Nf6 5.Nc3 d6 6.Bg5 e6 7.Qd2 Be7 8.O-O-O O-O
9.f4 h6 10.Bh4 e5 11.Nf5 Bxf5 12.exf5 exf4 13.Kb1 d5 14.Bxf6 Bxf6 15.Nxd5 Be5
16.Bc4 b5 17.Bb3 a5 18.a3 Rb8 19.Rhe1 Kh8 20.Re4 Qg5 21.Rde1 a4 22.Ba2 Rbe8
23.Qe2 Qxf5 24.Qxb5 Rb8 25.Nb6 Qf6 26.Rxa4 Rxb6 27.Qxb6 Rb8 28.Ra6 Rxb6
29.Rxb6 Qh4 30.Re2 f3 31.gxf3 Qd4 {#R} 0-1

[Event "Ch Russia (team)"]
[Site "masterchessopen.com – Saratov (Russia)"]
[Round "0"]
[White "Tseshkovsky Vitaly (RUS)"]
[Black "Ragozin Evgeni (RUS)"]
[Result "1-0"]
[WhiteElo "2520"]
[BlackElo "2441"]

1.e4 c5 2.Nf3 d6 3.d4 cxd4 4.Nxd4 Nf6 5.Nc3 Nc6 6.Bg5 e6 7.Qd2 Be7 8.O-O-O O-O
9.f4 h6 10.Bh4 e5 11.Nf5 Bxf5 12.exf5 exf4 13.Kb1 d5 14.Bxf6 Bxf6 15.Nxd5 Be5
16.Bc4 b5 17.Bb3 a5 18.a3 Rb8 19.Qf2 Qc8 20.Qc5 Kh8 21.Nb6 Rxb6 22.Qxb6 b4
23.a4 Bb8 24.f6 Ba7 25.fxg7+ Kxg7 26.Qb5 Qc7 27.Rd5 Bb6 28.Rhd1 {#r} 1-0

[Event "It \"]
[Site "masterchessopen.com – New York (USA)"]
[Round "0"]
[White "Pupols Viktors (USA)"]
[Black "Tomkins Ken (USA)"]
[Result "1-0"]
[WhiteElo "2155"]
[BlackElo "2345"]

1.e4 c5 2.Nf3 Nc6 3.d4 cxd4 4.Nxd4 Nf6 5.Nc3 d6 6.Bg5 e6 7.Qd2 Be7 8.O-O-O O-O
9.f4 h6 10.Bh4 Nxe4 11.Bxe7 Nxd2 12.Bxd8 Nxf1 13.Nxc6 bxc6 14.Be7 Re8 15.Rhxf1
Rxe7 16.Rxd6 Rc7 17.Ne4 Rb8 18.Rd8+ Kh7 19.Rfd1 Rb4 20.Nd6 Ba6 21.g3 Kg6 22.c3
Ra4 23.Kb1 Be2 24.Rd2 Bg4 25.b3 Ra5 26.c4 e5 27.Kb2 exf4 28.gxf4 Re7 29.Rg2
Re2+ 30.Rxe2 Bxe2 31.Ne4 Rh5 32.Ng3 Rxh2 33.Rd2 Rg2 34.Nxe2 Kh5 35.Kc3 Kg4
36.Kd3 h5 37.Ke3 h4 38.Rd7 Kh3 39.Rxf7 Kh2 40.Rd7 g5 41.fxg5 Rxg5 42.Kf3 h3
43.Rh7 a5 44.Nf4 Rg3+ 45.Kf2 c5 46.Rxh3+ {#r} 1-0

[Event "Staatsliga"]
[Site "masterchessopen.com – Austria"]
[Round "0"]
[White "Stummer Anton (AUT)"]
[Black "Felsberger Alfred (AUT)"]
[Result "1-0"]
[WhiteElo "2325"]
[BlackElo "2361"]

1.e4 c5 2.Nf3 d6 3.d4 cxd4 4.Nxd4 Nf6 5.Nc3 Nc6 6.Bg5 e6 7.Qd2 Be7 8.O-O-O O-O
9.f4 h6 10.Bxf6 Bxf6 11.Ndb5 e5 12.Nd5 Bg4 13.Be2 Bxe2 14.Qxe2 exf4 15.Nxf6+
Qxf6 16.Rxd6 Qe7 17.Rhd1 Rad8 18.Rxd8 Rxd8 19.Rf1 Qg5 20.Kb1 Nd4 21.Nxd4 Rxd4
22.c3 Rd6 23.Qf2 Rf6 24.Rd1 b6 25.Rd5 Qg6 26.Qf3 Kh7 27.Kc1 Kg8 28.a3 Kh7
29.Kc2 Kg8 30.Kb3 Kh7 31.Ka2 Kg8 32.e5 Rf5 33.Rd6 Qg5 34.e6 {#r} 1-0

[Event "It"]
[Site "masterchessopen.com – Beer-Sheva (Israel)"]
[Round "0"]
[White "Lederman Leon (ISR)"]
[Black "Lederer Yoav (ISR)"]
[Result "1-0"]
[WhiteElo "2345"]
[BlackElo "2328"]

1.e4 c5 2.Nf3 d6 3.d4 cxd4 4.Nxd4 Nf6 5.Nc3 Nc6 6.Bg5 e6 7.Qd2 Be7 8.O-O-O O-O
9.f4 h6 10.Bh4 e5 11.Nf5 Bxf5 12.exf5 exf4 13.Kb1 d5 14.Bxf6 Bxf6 15.Nxd5 Be5
16.g4 fxg3 17.hxg3 Nd4 18.Bg2 Nxf5 19.g4 Nh4 20.Qe1 Ng6 21.Rh5 Re8 22.Be4 Qd6
23.g5 Bg3 24.Qh1 Qe5 25.Bd3 hxg5 26.Rh8+ {#r} 1-0

[Event "Zt (cat.9)"]
[Site "masterchessopen.com – Bern (Switzerland)"]
[Round "6"]
[White "Frick Renato (LIE)"]
[Black "Zueger Beat (SUI)"]
[Result "0-1"]
[WhiteElo "2089"]
[BlackElo "2426"]

1.e4 c5 2.Nf3 Nc6 3.d4 cxd4 4.Nxd4 Nf6 5.Nc3 d6 6.Bg5 e6 7.Qd2 Be7 8.O-O-O O-O
9.f4 h6 10.Bh4 e5 11.Nxc6 bxc6 12.fxe5 dxe5 13.Qxd8 Rxd8 14.Rxd8+ Bxd8 15.Bc4
Bg4 16.Bg3 Bc7 17.Rf1 Bh5 18.h3 Kf8 19.Bf2 Bb6 20.Bh4 Nd7 21.Be1 Be3+ 22.Bd2
Bxd2+ 23.Kxd2 f6 24.g4 Bg6 25.Ke3 Ke7 26.Ne2 Rd8 27.Ng3 Nc5 28.Nf5+ Bxf5
29.gxf5 Nxe4 30.Rg1 Kf8 31.Be2 Nd6 32.Bd3 e4 33.Bxe4 Re8 34.Rg4 h5 35.Rf4 g5
36.fxg6 f5 37.Kd3 Rxe4 38.Rxf5+ Nxf5 39.Kxe4 Ne7 40.b4 Nxg6 41.c4 Ke7 42.Kf5
Nh4+ 43.Kg5 Nf3+ 44.Kxh5 Ne5 45.c5 Kf6 46.Kh6 Nd3 47.a3 a5 48.b5 cxb5 49.c6
Ne5 {#R} 0-1

[Event "Ch Hungary (juniors) (under 20)"]
[Site "masterchessopen.com – Budapest (Hungary)"]
[Round "0"]
[White "Somlai Laszlo (HUN)"]
[Black "Almasi Istvan (HUN)"]
[Result "1-0"]
[WhiteElo "2347"]
[BlackElo "2389"]

1.e4 c5 2.Nf3 Nc6 3.d4 cxd4 4.Nxd4 Nf6 5.Nc3 d6 6.Bg5 e6 7.Qd2 Be7 8.O-O-O O-O
9.f4 h6 10.Bh4 e5 11.Nf5 Bxf5 12.exf5 exf4 13.Kb1 d5 14.Bxf6 Bxf6 15.Nxd5 Be5
16.Bc4 b5 17.Bb3 a5 18.a3 a4 19.Ba2 b4 20.Nxb4 Qf6 21.Nd5 Qxf5 22.Qd3 Qg5
23.Rhe1 Rab8 24.c3 Kh8 25.Qf3 Rfc8 26.Ka1 f6 27.Qe4 Rb7 28.Bb1 g6 29.Qxg6 Na5
30.Qxg5 hxg5 31.Nb4 Nc4 32.Bd3 Ne3 33.Ba6 Rxb4 34.Bxc8 Rb8 35.Rd8+ Kg7 36.Re2
Kh6 37.Re8 Nc4 38.Bd7 Rb7 39.Bxa4 Nxb2 40.Rxb2 Bxc3 41.Re2 Ra7 42.Re4 f5
43.Rc4 {#r} 1-0

[Event "Olympiad (corr.)"]
[Site "masterchessopen.com – corr."]
[Round "0"]
[White "Den Broeder Guido (NED)"]
[Black "Harman Kenneth B (ENG)"]
[Result "1-0"]
[WhiteElo "2355"]
[BlackElo "2166"]

1.e4 c5 2.Nf3 Nc6 3.d4 cxd4 4.Nxd4 Nf6 5.Nc3 d6 6.Bg5 e6 7.Qd2 Be7 8.O-O-O O-O
9.f4 Qa5 10.Ndb5 Rd8 11.Bxf6 gxf6 12.Qe2 a6 13.Nd4 Nxd4 14.Rxd4 Kh8 15.g4 Bd7
16.h4 Rac8 17.g5 Rxc3 18.bxc3 Qxc3 19.Qd3 Qa1+ 20.Kd2 Qxa2 21.gxf6 Bxf6
22.Rxd6 Qa5+ 23.Kd1 Qa1+ 24.Ke2 Qa4 25.Kf2 Kg8 26.Be2 Kf8 27.c4 Ke8 28.e5 Be7
29.Qxh7 {#r} 1-0

[Event "It (open)"]
[Site "masterchessopen.com – Kecskemet (Hungary)"]
[Round "0"]
[White "Donka Peter (HUN)"]
[Black "Videki Sandor (HUN)"]
[Result "0-1"]
[WhiteElo "2199"]
[BlackElo "2441"]

1.e4 c5 2.Nf3 Nc6 3.d4 cxd4 4.Nxd4 Nf6 5.Nc3 d6 6.Bg5 e6 7.Qd2 Be7 8.O-O-O O-O
9.f4 h6 10.Bh4 e5 11.Nf5 Bxf5 12.exf5 exf4 13.g4 d5 14.Bd3 d4 15.Ne2 Nxg4
16.Bxe7 Qxe7 17.Nxf4 Qh4 18.Rdf1 Ne3 19.Rf2 Ne5 20.Kb1 Rac8 21.Rc1 Rc5 22.Be4
N5c4 23.Qe2 Re5 24.Qf3 Rxe4 25.Rg1 Ng4 26.Qxe4 Qxf2 {#R} 0-1

[Event "It (open)"]
[Site "masterchessopen.com – Moscow (Russia)"]
[Round "0"]
[White "Kovalev Andrei (BLR)"]
[Black "Utemov Vladimir (RUS)"]
[Result "1-0"]
[WhiteElo "2500"]
[BlackElo "2385"]

1.e4 c5 2.Nf3 d6 3.d4 cxd4 4.Nxd4 Nf6 5.Nc3 Nc6 6.Bg5 e6 7.Qd2 Be7 8.O-O-O O-O
9.f4 h6 10.Bh4 e5 11.Nf5 Bxf5 12.exf5 exf4 13.Kb1 d5 14.Bxf6 Bxf6 15.Nxd5 Be5
16.Bc4 b5 17.Bxb5 Rb8 18.c4 Nd4 19.Rhe1 f6 20.a4 a6 21.Bxa6 Rb3 22.Bb5 Qa8
23.Nc7 Qc8 24.Rxe5 fxe5 25.Ne6 Rd8 26.Nxd8 Qxd8 27.c5 Kh8 28.Qc2 Re3 29.c6 Qc8
30.c7 Re1 31.Qc1 Rxd1 32.Qxd1 Qxc7 33.Bd3 Qa5 34.Qc1 Qa8 35.Qc5 e4 36.Qxd4
exd3 37.f6 gxf6 38.Qxf6+ Kh7 39.Qf7+ Kh8 40.Qxf4 Qa6 41.Qb4 Kh7 42.g4 Kg8
43.b3 {#r} 1-0

[Event "It"]
[Site "masterchessopen.com – Muenster (Germany)"]
[Round "3"]
[White "Emunds Hans Georg (GER)"]
[Black "Madl Ildiko (HUN)"]
[Result "0-1"]
[WhiteElo "2230"]
[BlackElo "2399"]

1.e4 c5 2.Nf3 d6 3.d4 cxd4 4.Nxd4 Nf6 5.Nc3 Nc6 6.Bg5 e6 7.Qd2 Be7 8.O-O-O O-O
9.f4 h6 10.Bh4 e5 11.Nf5 Bxf5 12.exf5 exf4 13.Kb1 d5 14.Bxf6 Bxf6 15.Nxd5 Be5
16.Bc4 b5 17.Bb3 a5 18.a3 a4 19.Ba2 b4 20.Nxb4 Qf6 21.Nd5 Qxf5 22.Qd3 Qg4
23.Rhf1 Rab8 24.c3 Qxg2 25.Rd2 Qg5 26.Qc2 Rfd8 27.Rg2 Qh4 28.Qf5 Rd6 29.Nxf4
Rf6 30.Bxf7+ Rxf7 {#R} 0-1

[Event "It (open) \"]
[Site "masterchessopen.com – Sevilla (Spain)"]
[Round "0"]
[White "Dukaczewski Piotr (POL)"]
[Black "Krylov Sergey (RUS)"]
[Result "0-1"]
[WhiteElo "2310"]
[BlackElo "2352"]

1.e4 c5 2.Nf3 d6 3.d4 cxd4 4.Nxd4 Nf6 5.Nc3 Nc6 6.Bg5 e6 7.Qd2 Be7 8.O-O-O O-O
9.f4 a6 10.Kb1 Bd7 11.Nf3 Be8 12.g4 Qa5 13.e5 dxe5 14.Nxe5 Rd8 15.Bd3 Nxe5
16.fxe5 Qxe5 17.Rde1 Qa5 18.Rhf1 Bc6 19.Bf4 Bb4 20.Qf2 Bxc3 21.bxc3 Nd5 22.Qh4
Nxc3+ 23.Kb2 Na4+ 24.Kc1 Rxd3 25.cxd3 Qc3+ 26.Kd1 Nb2+ 27.Ke2 Qxd3+ {#R} 0-1

[Event "It (open)"]
[Site "masterchessopen.com – Val Maubuee (France)"]
[Round "0"]
[White "Palac Mladen (CRO)"]
[Black "Bernard Christophe (FRA)"]
[Result "1-0"]
[WhiteElo "2505"]
[BlackElo "1694"]

1.e4 c5 2.Nf3 d6 3.d4 cxd4 4.Nxd4 Nf6 5.Nc3 Nc6 6.Bg5 e6 7.Qd2 Be7 8.O-O-O O-O
9.f4 h6 10.Bh4 Bd7 11.Nf3 Qa5 12.Bc4 Rfc8 13.Bb3 b5 14.g4 b4 15.Bxf6 Bxf6
16.Ne2 Be7 17.Rhg1 Qc5 18.g5 hxg5 19.Nxg5 Na5 20.Nd4 Nxb3+ 21.Nxb3 Qc4 22.Kb1
a5 23.Qg2 Bxg5 24.Qxg5 Qxc2+ 25.Ka1 g6 26.f5 exf5 27.Rxd6 Be8 28.exf5 Rc6
29.Nd4 Qc5 30.Nxc6 Qxd6 31.Ne7+ Kg7 32.f6+ {#r} 1-0

[Event "Cup Latin (final)"]
[Site "masterchessopen.com – Bogota (Colombia)"]
[Round "0"]
[White "Campora Daniel H (ARG)"]
[Black "Fiorito Fabian (ARG)"]
[Result "1-0"]
[WhiteElo "2493"]
[BlackElo "2438"]

1.e4 c5 2.Nf3 d6 3.d4 cxd4 4.Nxd4 Nf6 5.Nc3 Nc6 6.Bg5 e6 7.Qd2 Be7 8.O-O-O O-O
9.f4 h6 10.Bh4 e5 11.Nxc6 bxc6 12.fxe5 dxe5 13.Qxd8 Rxd8 14.Rxd8+ Bxd8 15.Bc4
Bd7 16.Rd1 Be8 17.h3 Kf8 18.a3 Bb6 19.Bxf6 gxf6 20.Ne2 Rd8 21.Rxd8 Bxd8 22.g4
Kg7 23.Ng3 Bd7 24.Kd2 Kg6 25.Ke3 Kg5 26.Kf3 Be6 27.Bf1 Bb6 28.b4 Bd4 29.a4 Bb6
30.b5 cxb5 31.axb5 Bc5 32.Nf5 Bb4 33.h4+ Kg6 34.Ke3 Be1 35.Kd3 Bf2 36.Be2 Bxf5
37.exf5+ Kg7 38.Ke4 Bxh4 39.Kd5 Kf8 40.Kd6 Ke8 41.Bf3 Bf2 42.c4 Kd8 43.Bd5 Bg3
44.Be4 Bf2 45.c5 Bd4 46.Bd5 Ke8 47.c6 e4 48.c7 {#r} 1-0

[Event "It (festival)"]
[Site "masterchessopen.com – Budapest (Hungary)"]
[Round "0"]
[White "Dvoirys Semen I (RUS)"]
[Black "Feher Gyula (HUN)"]
[Result "1-0"]
[WhiteElo "2525"]
[BlackElo "2334"]

1.e4 c5 2.Nf3 d6 3.d4 cxd4 4.Nxd4 Nf6 5.Nc3 Nc6 6.Bg5 e6 7.Qd2 Be7 8.O-O-O O-O
9.f4 h6 10.h4 Nxd4 11.Qxd4 hxg5 12.hxg5 e5 13.Qg1 Ng4 14.Be2 exf4 15.Bxg4 Bxg5
16.Bxc8 Rxc8 17.Rd3 Re8 18.Kb1 Rc5 19.g3 fxg3 20.Rxg3 Re6 21.Rh5 Bf6 22.Nd5 b6
23.Rgh3 g6 24.Qg5 {#r} 1-0

[Event "It (open)"]
[Site "masterchessopen.com – Festuge (Denmark)"]
[Round "0"]
[White "Fogarasi Tibor (HUN)"]
[Black "Jakobsen Peter (DEN)"]
[Result "1-0"]
[WhiteElo "2420"]
[BlackElo "2330"]

1.e4 c5 2.Nf3 Nc6 3.d4 cxd4 4.Nxd4 Nf6 5.Nc3 d6 6.Bg5 e6 7.Qd2 Be7 8.O-O-O O-O
9.f4 h6 10.Bh4 Bd7 11.Nf3 Qa5 12.Kb1 Rfd8 13.Bd3 b5 14.Qe1 b4 15.Ne2 e5 16.f5
d5 17.Bxf6 Bxf6 18.exd5 Ne7 19.Be4 Bxf5 20.Nd2 Bxe4 21.Nxe4 Nxd5 22.Qg3 Be7
23.Rhf1 Rac8 24.Qf3 f6 25.g4 Qb5 26.Rd3 Qc4 27.Rc1 Nc7 28.N2g3 Ne6 29.Rxd8+
Rxd8 30.Nf5 Rd7 31.Neg3 Bf8 32.Nh5 Rf7 33.b3 e4 34.Qe3 Qd5 35.Nhg3 Ng5 36.h4
Nf3 37.h5 Nd2+ 38.Kb2 Bc5 39.Qe2 Bd4+ 40.Nxd4 Qxd4+ 41.c3 bxc3+ 42.Rxc3 Qxc3+
43.Kxc3 {#r} 1-0

[Event "Tournament"]
[Site "masterchessopen.com – Helsingborg (Sweden)"]
[Round "0"]
[White "Jonsson Mikael (SWE)"]
[Black "Jersblad Johan (SWE)"]
[Result "0-1"]
[WhiteElo "2340"]
[BlackElo "2090"]

1.e4 c5 2.Nf3 Nc6 3.d4 cxd4 4.Nxd4 Nf6 5.Nc3 d6 6.Bg5 e6 7.Qd2 Be7 8.O-O-O O-O
9.f4 h6 10.Bxf6 Bxf6 11.Nb3 d5 12.exd5 Bxc3 13.Qxc3 exd5 14.Qf3 Qc7 15.Rxd5
Be6 16.Rd2 Rac8 17.f5 Ne5 18.Qh3 Bc4 19.f6 Be6 20.Qg3 g6 21.c3 Ng4 22.Qh4 Qe5
23.Nd4 Qa5 24.Be2 Rxc3+ 25.bxc3 Qxc3+ 26.Nc2 Rc8 27.Rd8+ Rxd8 28.Bxg4 Rc8
29.Bd1 Qa1+ 30.Kd2 Qc3+ 31.Kc1 Qa1+ 32.Kd2 Qc3+ 33.Ke2 Bc4+ 34.Kf2 Qd2+ 35.Kg3
Bd5 36.Bf3 Rxc2 37.Rf1 Bxf3 38.Rxf3 Qxg2+ 39.Kf4 Rc4+ 40.Ke3 Rxh4 {#R} 0-1

[Event "Ch Leningrad"]
[Site "masterchessopen.com – Leningrad (Russia)"]
[Round "0"]
[White "Orlov Vassily (RUS)"]
[Black "Ivanov Sergey_ (RUS)"]
[Result "0-1"]
[WhiteElo "2441"]
[BlackElo "2537"]

1.e4 c5 2.Nf3 Nc6 3.d4 cxd4 4.Nxd4 Nf6 5.Nc3 d6 6.Bg5 e6 7.Qd2 Be7 8.O-O-O O-O
9.f4 h6 10.Bh4 Bd7 11.Nf3 Qa5 12.e5 dxe5 13.fxe5 Nxe5 14.Nxe5 Qxe5 15.Bxf6
Bxf6 16.Qxd7 Rad8 17.Qb5 Qe3+ 18.Kb1 Bxc3 19.Bd3 Bf6 20.Rhe1 Qf4 21.g3 Qc7
22.Qb4 g6 23.h4 Rd4 24.Qd2 h5 25.Rg1 Rfd8 26.g4 Qb6 27.gxh5 Rg4 28.Qc1 Bxb2
{#R} 0-1

[Event "It (open) \"]
[Site "masterchessopen.com – Moscow (Russia)"]
[Round "0"]
[White "Sukhorukov Andrei (RUS)"]
[Black "Furman Boris (RUS)"]
[Result "1-0"]
[WhiteElo "2307"]
[BlackElo "2262"]

1.e4 c5 2.Nf3 Nc6 3.d4 cxd4 4.Nxd4 Nf6 5.Nc3 d6 6.Bg5 e6 7.Qd2 Be7 8.O-O-O O-O
9.f4 h6 10.Bh4 e5 11.Nxc6 bxc6 12.fxe5 dxe5 13.Qxd8 Bxd8 14.Rd6 Bb7 15.Bxf6
Bxf6 16.Rd7 Rab8 17.Bc4 a5 18.Rhd1 Bc8 19.Rc7 Bg4 20.Rd6 Bg5+ 21.Kb1 c5 22.Nd5
Rfc8 23.Ne7+ Bxe7 24.Rxe7 Rb4 25.b3 Rxc4 26.bxc4 Be6 27.Ra6 Rb8+ 28.Kc1 Rb4
29.Rxa5 Rxc4 30.Kd2 Rd4+ 31.Kc1 Rxe4 32.Rxc5 Bxa2 33.Rexe5 Rg4 34.g3 g6 35.Re3
h5 36.Rce5 Rb4 37.Kd2 Kg7 38.Kd3 f5 39.Ra5 Bg8 40.Ra7+ Kf6 41.Ra6+ Kg5 42.h4+
Kh6 43.Ra7 f4 44.Re4 {#r} 1-0

[Event "Ch Paris (open)"]
[Site "masterchessopen.com – Paris (France)"]
[Round "8"]
[White "Harlin Henri (FRA)"]
[Black "Tourneur Jean-Francois (FRA)"]
[Result "0-1"]
[WhiteElo "2106"]
[BlackElo "2223"]

1.e4 c5 2.Nf3 e6 3.d4 cxd4 4.Nxd4 Nf6 5.Nc3 d6 6.Bg5 Nc6 7.Qd2 Be7 8.O-O-O O-O
9.f4 h6 10.Bh4 e5 11.Nf5 Bxf5 12.exf5 exf4 13.Be2 Qa5 14.Qxf4 d5 15.Bf3 d4
16.Nb1 Nb4 17.Rxd4 Nxa2+ 18.Kd1 Rad8 19.Be1 Qb6 {#R} 0-1

[Event "It (cat.9)"]
[Site "masterchessopen.com – Santa Clara (Cuba)"]
[Round "0"]
[White "Arencibia Walter (CUB)"]
[Black "Diaz Joaquin C (CUB)"]
[Result "1-0"]
[WhiteElo "2511"]
[BlackElo "2327"]

1.e4 c5 2.Nf3 Nc6 3.d4 cxd4 4.Nxd4 Nf6 5.Nc3 d6 6.Bg5 e6 7.Qd2 Be7 8.O-O-O O-O
9.f4 e5 10.Nf3 h6 11.Bxf6 Bxf6 12.f5 Nd4 13.Nd5 Bh4 14.Nxh4 Qxh4 15.Bd3 Bd7
16.c3 Nc6 17.g3 Qd8 18.h4 Ne7 19.Ne3 Qa5 20.Kb1 Rfd8 21.g4 d5 22.f6 gxf6
23.Nxd5 Nxd5 24.exd5 Kg7 25.Qg2 Ba4 26.b3 Qxc3 27.g5 Bxb3 28.gxf6+ Kxf6
29.Rhf1+ Ke7 30.Rxf7+ {#r} 1-0

[Event "It (open)"]
[Site "masterchessopen.com – Akropolis (Greece)"]
[Round "0"]
[White "Liarokapis Vlasios (GRE)"]
[Black "Amendola Konstantinos (GRE)"]
[Result "0-1"]
[WhiteElo "2044"]
[BlackElo "2193"]

1.e4 c5 2.Nf3 Nc6 3.d4 cxd4 4.Nxd4 Nf6 5.Nc3 d6 6.Bg5 e6 7.Qd2 Be7 8.O-O-O O-O
9.f4 e5 10.Nb3 h6 11.Bxf6 Bxf6 12.g3 exf4 13.gxf4 Bg4 14.Re1 a5 15.a4 Nb4
16.Rg1 Be6 17.Nd4 Rc8 18.Nxe6 fxe6 19.e5 dxe5 20.Qxd8 Rcxd8 21.Bc4 exf4 22.Ne4
Bd4 23.Rg6 Be3+ 24.Kb1 Rd4 25.Bd3 Nxd3 26.cxd3 Kf7 {#R} 0-1

[Event "It (cat.12) \"]
[Site "masterchessopen.com – Brno (Czech Republic)"]
[Round "0"]
[White "Hracek Zbynek (CZE)"]
[Black "Korchnoi Viktor (SUI)"]
[Result "1-0"]
[WhiteElo "2480"]
[BlackElo "2575"]

1.e4 c5 2.Nf3 d6 3.d4 cxd4 4.Nxd4 Nf6 5.Nc3 Nc6 6.Bg5 e6 7.Qd2 Be7 8.O-O-O O-O
9.f4 d5 10.e5 Nd7 11.h4 Nb6 12.Bxe7 Qxe7 13.h5 Bd7 14.Qe3 Na5 15.Kb1 Rac8
16.Rh3 Nbc4 17.Bxc4 Nxc4 18.Qe1 f5 19.exf6 Qxf6 20.h6 g6 21.Rf3 Rce8 22.b3 Nb6
23.g4 g5 24.fxg5 Qxg5 25.Rxf8+ Kxf8 26.Nf3 Qxh6 27.Ne5 Qg7 28.Qe3 Ke7 29.Qd4
Rf8 30.a4 Rf6 31.a5 Nc8 32.Qb4+ Kd8 33.Qxb7 Qe7 34.Ne4 Rh6 35.g5 Rh2 36.Nc5
Rxc2 37.Ncxd7 {#r} 1-0

[Event "It \"]
[Site "masterchessopen.com – Buenos Aires (Argentina)"]
[Round "6"]
[White "Juarez Carlos Eleodoro (ARG)"]
[Black "Yabiansky Marcelo (ARG)"]
[Result "0-1"]
[WhiteElo "2050"]
[BlackElo "2175"]

1.e4 c5 2.Nf3 d6 3.d4 cxd4 4.Nxd4 Nf6 5.Nc3 Nc6 6.Bg5 e6 7.Qd2 Be7 8.O-O-O O-O
9.f4 a6 10.Nb3 b5 11.Bxf6 gxf6 12.h4 Kh8 13.Be2 b4 14.Na4 Rb8 15.g4 Rg8 16.Kb1
Qc7 17.g5 Rd8 18.Bf3 Na5 19.Nxa5 Qxa5 20.b3 Bb7 21.Qg2 Rbc8 22.Nb2 Rc3 23.Rd3
Bc6 24.Rg1 Qc5 25.gxf6 Bxf6 26.e5 Bxf3 27.Rxf3 Rxc2 28.Qg4 Rxb2+ 29.Kxb2 dxe5
30.Kb1 exf4 31.Rxf4 Qe5 32.Rxf6 Qxf6 33.Qxb4 Qf5+ 34.Ka1 Qe5+ 35.Kb1 Qd4
36.Qxd4+ Rxd4 37.Rg5 f5 38.Rg3 Rxh4 39.Kb2 f4 40.Rd3 e5 41.Rd6 f3 42.Kc3 f2
43.Rd1 Rf4 44.Rf1 Kg7 45.Kd2 Kf6 46.Ke3 Ke6 47.a3 h5 48.Ke2 h4 49.b4 h3 50.Ke3
h2 {#R} 0-1

[Event "It \"]
[Site "masterchessopen.com – Gausdal (Norway)"]
[Round "7"]
[White "Renet Olivier (FRA)"]
[Black "Reeh Oliver (GER)"]
[Result "1-0"]
[WhiteElo "2530"]
[BlackElo "2455"]

1.e4 c5 2.Nf3 d6 3.d4 cxd4 4.Nxd4 Nf6 5.Nc3 Nc6 6.Bg5 e6 7.Qd2 Be7 8.O-O-O O-O
9.f4 h6 10.h4 Qb6 11.Nf3 d5 12.Bxf6 Bxf6 13.e5 Be7 14.Ne2 Bd7 15.Ned4 Rfc8
16.g4 Qa5 17.Qxa5 Nxa5 18.h5 Nc6 19.Bh3 Nxd4 20.Nxd4 Rc4 21.Bf1 Ra4 22.Kb1 Rc8
23.c3 Bc5 24.b3 Bxd4 25.cxd4 Rb4 26.Kb2 Rb6 27.Rg1 Kf8 28.Rd2 Rbc6 29.Bd3 a6
30.f5 Rc3 31.f6 Bb5 32.Rc2 Rxc2+ 33.Bxc2 Be2 34.g5 Bxh5 35.gxh6 gxh6 36.Rh1
Bf3 37.Rxh6 Ke8 38.Rh8+ Kd7 39.Rxc8 Kxc8 40.Bg6 Kd7 41.Bxf7 {#r} 1-0